<?xml version="1.0" encoding="UTF-8"?>
<collection xmlns:xsi="http://www.w3.org/2001/XMLSchema-instance" xsi:schemaLocation="http://www.loc.gov/MARC21/slim http://www.loc.gov/standards/marcxml/schema/MARC21slim.xsd" xmlns="http://www.loc.gov/MARC21/slim">
 <record>
  <leader>00000cgm a22000004a 4500</leader>
  <controlfield tag="001">UP-99796217612259890</controlfield>
  <controlfield tag="003">Buklod</controlfield>
  <controlfield tag="005">20161013141639.0</controlfield>
  <controlfield tag="006">m||||fo||d| ||||||</controlfield>
  <controlfield tag="007">cr |n |||auu|a</controlfield>
  <controlfield tag="008">161013s2007    xx     d||| |     ||   ||</controlfield>
  <datafield tag="020" ind1=" " ind2=" ">
   <subfield code="a">1424840449</subfield>
  </datafield>
  <datafield tag="020" ind1=" " ind2=" ">
   <subfield code="a">9781424840441</subfield>
  </datafield>
  <datafield tag="035" ind1=" " ind2=" ">
   <subfield code="a">(iLib)UPD-00259709316</subfield>
  </datafield>
  <datafield tag="040" ind1=" " ind2=" ">
   <subfield code="a">TEFMT</subfield>
   <subfield code="d">DMLM</subfield>
  </datafield>
  <datafield tag="041" ind1="1" ind2=" ">
   <subfield code="a">eng</subfield>
   <subfield code="a">fre</subfield>
   <subfield code="a">por</subfield>
   <subfield code="a">spa</subfield>
   <subfield code="a">tha</subfield>
   <subfield code="h">eng</subfield>
  </datafield>
  <datafield tag="042" ind1=" " ind2=" ">
   <subfield code="a">DMLUC</subfield>
  </datafield>
  <datafield tag="090" ind1=" " ind2=" ">
   <subfield code="a">VDR-1651</subfield>
  </datafield>
  <datafield tag="245" ind1="0" ind2="0">
   <subfield code="a">Reign over me</subfield>
   <subfield code="h">[videorecording]</subfield>
   <subfield code="c">3 Art Entertainment ; Madison 23 ; Mr. Madison Productions ; Relativity Media ; Sunlight Productions ; produced by Jack Binder, Michael Rotenberg ; written and directed by Mike Binder.</subfield>
  </datafield>
  <datafield tag="264" ind1=" " ind2="1">
   <subfield code="a">Culver City, Calif.</subfield>
   <subfield code="b">Sony Pictures Home Entertainment</subfield>
   <subfield code="c">2007.</subfield>
  </datafield>
  <datafield tag="300" ind1=" " ind2=" ">
   <subfield code="a">2 DVDs (124 min.)</subfield>
   <subfield code="b">sd., col.</subfield>
   <subfield code="c">4 3/4 in.</subfield>
  </datafield>
  <datafield tag="500" ind1=" " ind2=" ">
   <subfield code="a">Library has: VDR-1651 (2 DVDs)</subfield>
  </datafield>
  <datafield tag="500" ind1=" " ind2=" ">
   <subfield code="a">Special features: Jam session with Adam Sandler and Don Cheadle; Behind the Reign: the making of Reign over me; and a still Reign: photographic montage.</subfield>
  </datafield>
  <datafield tag="505" ind1="0" ind2=" ">
   <subfield code="a">Special features: Anamorphic widescreen version -- Behind the reign: The making of Reign over me -- Extended jam session with Adam Sandler and Don Cheadle -- A still reign: Photographic montage -- Language: English Dolby digital 5.1 ; Spanish Dolby digital 5.1 ; Thai Dolby digital 5.1 ; Portuguese Dolby digital 5.1 ; French Dolby surround -- Subtitles: Englihs, French, Spanish, Portuguese, Chinese, Korean, Thai.</subfield>
  </datafield>
  <datafield tag="508" ind1=" " ind2=" ">
   <subfield code="a">Director of photography, Russ T. Alsobrook ; editors, Steve Edwards, Jeremy Roush ; music, Rolfe Kent ; costume designer, Deborah L. Scott ; production designer, Christian Wintter.</subfield>
  </datafield>
  <datafield tag="511" ind1="1" ind2=" ">
   <subfield code="a">Adam Sandler, Don Cheadle, Jada Pinkett Smith, Liv Tyler, Saffron Burrows, Donald Sutherland, Robert Klein, Melinda Dillon, Mike Binder, Jonathan Banks.</subfield>
  </datafield>
  <datafield tag="520" ind1=" " ind2=" ">
   <subfield code="a">Alan Johnson runs into his old college roommate, Charlie Fineman, on the streets of New York City. He is surprised to find that Charlie does not remember him at all. Alan later learns that Charlie is suffering with grief over the loss of his family on 9/11. Flooded with grief, Charlie quits his job and isolates himself from everyone around him. Alan attempts to help Charlie get over his grief by rekindling their friendship. As Alan spends a lot of time with Charlie, it puts a strain on his relationship with his wife and kids.</subfield>
  </datafield>
  <datafield tag="538" ind1=" " ind2=" ">
   <subfield code="a">DVD.</subfield>
  </datafield>
  <datafield tag="650" ind1=" " ind2="0">
   <subfield code="a">Grief in men</subfield>
   <subfield code="z">New York (State)</subfield>
   <subfield code="z">New York</subfield>
   <subfield code="v">Drama.</subfield>
  </datafield>
  <datafield tag="650" ind1=" " ind2="0">
   <subfield code="a">Social isolation</subfield>
   <subfield code="z">New York (State)</subfield>
   <subfield code="z">New York</subfield>
   <subfield code="v">Drama.</subfield>
  </datafield>
  <datafield tag="650" ind1=" " ind2="0">
   <subfield code="a">Male friendship</subfield>
   <subfield code="z">New York (State)</subfield>
   <subfield code="z">New York</subfield>
   <subfield code="v">Drama.</subfield>
  </datafield>
  <datafield tag="650" ind1=" " ind2="0">
   <subfield code="a">Roommates</subfield>
   <subfield code="z">United States</subfield>
   <subfield code="v">Drama.</subfield>
  </datafield>
  <datafield tag="650" ind1=" " ind2="0">
   <subfield code="a">September 11 Terrorist Attacks, 2001</subfield>
   <subfield code="v">Drama.</subfield>
  </datafield>
  <datafield tag="651" ind1=" " ind2="0">
   <subfield code="a">New York (N.Y.)</subfield>
   <subfield code="v">Drama.</subfield>
  </datafield>
  <datafield tag="655" ind1=" " ind2="0">
   <subfield code="a">Melodrama.</subfield>
  </datafield>
  <datafield tag="710" ind1="2" ind2=" ">
   <subfield code="a">3 Arts Entertainment (Firm).</subfield>
  </datafield>
  <datafield tag="710" ind1="2" ind2=" ">
   <subfield code="a">Madison 23 (Firm).</subfield>
  </datafield>
  <datafield tag="710" ind1="2" ind2=" ">
   <subfield code="a">Mr. Madison Productions.</subfield>
  </datafield>
  <datafield tag="710" ind1="2" ind2=" ">
   <subfield code="a">Relativity Media.</subfield>
  </datafield>
  <datafield tag="710" ind1="2" ind2=" ">
   <subfield code="a">Sunlight Productions.</subfield>
  </datafield>
  <datafield tag="710" ind1="2" ind2=" ">
   <subfield code="a">Sony Pictures Home Entertainment (Firm).</subfield>
  </datafield>
  <datafield tag="905" ind1=" " ind2=" ">
   <subfield code="a">FO</subfield>
  </datafield>
  <datafield tag="852" ind1="0" ind2=" ">
   <subfield code="a">UPD</subfield>
   <subfield code="b">DMLR</subfield>
   <subfield code="h">VDR-1651</subfield>
  </datafield>
  <datafield tag="942" ind1=" " ind2=" ">
   <subfield code="a">Visual Material</subfield>
  </datafield>
 </record>
</collection>
